000 00254nam a22001217a 4500
008 170623b xxu||||| |||| 00| 0 eng d
041 _aeng
080 _a32
100 _a21
101 _ashp
245 _aLIVING DEMOCRACY
_cSHEA.D.M
942 _2udc
_cBK
999 _c18963
_d18963